000
00238nam a22001097a 4500
082
_a
910 WIL'L
100
_a
WILSON, EARL
_9
35713
245
_a
LOOK WHO'S ABROAD NOW
260
_a
NEWYORK
_b
BOUBLEDAY
_c
1953
300
_a
254P
942
_c
BK
999
_c
568135
_d
568135